000 00484nam a2200181Ia 4500
999 _c3470
_d3470
003 GBCCL
005 20241126110455.0
008 171128b xxu||||| |||| 00| 0 eng d
020 _a0 8423 2130 6
040 _cgbc
082 _a262.1
_bFER
100 _aFernando, Ajith
_93283
245 _aLeadership Lifestyle /
_cAjith Fernando
260 _bTyndale House Publishers,
_aIllinois:
_c1985
300 _a160p.;
_c17 cm.
650 _aChristian Leadership
_91568
942 _2ddc
_cBK
_022